[Event "Bayamo Cespedes Memorial op"]
[Site "Bayamo"]
[Date "2017.03.04"]
[Round "4.9"]
[White "Obregon Garcia, Roxangel"]
[Black "Ordonez Peregrino, Jordan"]
[Result "0-1"]
[WhiteElo "1953"]
[BlackElo "2082"]
[PlyCount "88"]
[EventDate "2017.03.01"]
[EventType "swiss"]
[EventRounds "9"]
[EventCountry "CUB"]
[SourceTitle "EXT 2023"]
[Source "ChessBase"]
[SourceDate "2022.10.05"]
[SourceVersion "1"]
[SourceVersionDate "2022.10.05"]
[SourceQuality "1"]

1. e4 e5 2. Nf3 Qf6 3. Nc3 c6 4. d4 exd4 5. Bg5 Qg6 6. Qxd4 b6 7. 0-0-0 f6 8. Bf4 Bc5 9. Qd2 Qf7 10. e5 Ne7 11. exf6 gxf6 12. Bd6 Bxd6 13. Qxd6 Nf5 14. Re1+ Kd8 15. Qf4 d5 16. g4 Ng7 17. Qd6+ Bd7 18. Nd4 Ne8 19. Qg3 Rg8 20. h3 Kc8 21. Bd3 Kb7 22. Bf5 Qf8 23. Bxh7 Qh6+ 24. Qe3 Qxh7 25. Ne6 Bxe6 26. Qxe6 Nd7 27. Nxd5 cxd5 28. Qxd5+ Kb8 29. Rd1 Ne5 30. f4 Nc7 31. Qd6 Nc4 32. Qc6 Na5 33. Qf3 Qf7 34. b3 Rc8 35. Rd3 Na6 36. Kb2 Qc7 37. c3 Nc5 38. Re3 Qc6 39. Qf1 Kb7 40. Re7+ Rc7 41. Rxc7+ Kxc7 42. h4 Rd8 43. Rh2 Nd3+ 44. Kc2 Qe4 0-1

[Event "Bayamo Cespedes Memorial op"]
[Site "Bayamo"]
[Date "2017.03.04"]
[Round "5.5"]
[White "Ordonez Peregrino, Jordan"]
[Black "Cabrera Ladron de Guevara, Mayra"]
[Result "1/2-1/2"]
[WhiteElo "2082"]
[BlackElo "2078"]
[PlyCount "74"]
[EventDate "2017.03.01"]
[EventType "swiss"]
[EventRounds "9"]
[EventCountry "CUB"]
[SourceTitle "EXT 2023"]
[Source "ChessBase"]
[SourceDate "2022.10.05"]
[SourceVersion "1"]
[SourceVersionDate "2022.10.05"]
[SourceQuality "1"]

1. e4 c5 2. Nf3 a6 3. a4 d6 4. Bc4 e6 5. 0-0 Nf6 6. Re1 Nc6 7. d4 cxd4 8. Nxd4 Bd7 9. Bg5 Be7 10. Nc3 0-0 11. Nxc6 Bxc6 12. Qd2 Qc7 13. Bd3 Rfd8 14. h3 b6 15. Kh1 Qb7 16. f3 Nh5 17. Ne2 h6 18. Bxe7 Qxe7 19. Qe3 Rdb8 20. Ra3 Qf6 21. Qd4 Qxd4 22. Nxd4 Bd7 23. Rea1 Nf4 24. Bf1 Rc8 25. c3 e5 26. Nc2 Be6 27. Rd1 d5 28. g3 Nxh3 29. Bxh3 Bxh3 30. Rxd5 Be6 31. Ne3 Bxd5 32. Nxd5 Rd8 33. c4 Rab8 34. Kg2 Kf8 35. Kf2 Rdc8 36. Rc3 a5 37. Ke3 Rc6 1/2-1/2